| 000 | 00567 a2200205 4500 | ||
|---|---|---|---|
| 005 | 20260105103846.0 | ||
| 008 | 260105b |||||||| |||| 00| 0 eng d | ||
| 020 |
_a9789354799204 _cRs. 995.00 |
||
| 040 | _aMAIN | ||
| 082 |
_a300.723 _bB232D(2) |
||
| 100 | _aBarbour, Rosaline | ||
| 245 | _aDoing focus groups: The sage qualitative research kit | ||
| 250 | _a2nd | ||
| 260 |
_bSage Publications _c2025 _aNew Delhi |
||
| 300 | _axviii, 199 | ||
| 650 | _aResearch Methods | ||
| 650 | _aQualitative Research Methods | ||
| 700 | _aFlick, Uwe, ed. | ||
| 942 | _cBK | ||
| 999 |
_c394114 _d394114 |
||